1990 genel nüfus sayımı (Record no. 8922)

MARC details
000 -BAŞLIK
Sabit Uzunlukta Kontrol Alanı 01403na a2200337 4500
001 - KONTROL NUMARASI
Denetim Alanı 15206
003 - KONTROL NUMARASI IDENTIFIER
Denetim Alanı MIRAKIL
005 - SON İŞLEM TARİHİ VE ZAMANI
Denetim Alanı 20181213155228.0
008 - SABİT-BOY VERİ ELEMANLARI - GENEL BİLGİLER
Sabit Uzunlukta Kontrol Alanı 160920b tu 000 0
020 ## - ULUSLARARASI STANDART KİTAP NUMARASI
Uluslararası Standart Kitap Numarası 9751918499
035 ## - SİSTEM KONTROL NUMARASI
Sistem Kontrol Numarası 15206
040 ## - KATALOGLAMA KAYNAK
Orijinal Kataloglama Ajansı Milas
Kataloglama Dili tur
Metne Dönüştürmek Ajansı TR-AnCHP
041 ## - DİL KODU
Metin / Ses Parça Veya Ayrı Başlığın Dil Kodu tur
-- eng
082 ## - DEWEY ONLU SINIFLANDIRMA NUMARASI
Sınıflandırma Numarası 304.6021 1990 TÜRKİYE
Ürün Numarası T95g 1997
090 ## - SINIFLAMA NUMARASI
Sınıflama Numarası 304.6021 1990 TÜRKİYE T95g 1997
110 ## - ANA GİRİŞ - KURUMSAL ADI
Giriş Elemanı Olarak Kurumsal Ad Veya Yargı Alanı Adı Türkiye İstatistik Kurumu (TÜİK)
222 ## - ANAHTAR ADI
Anahtar Başlık Genel nüfus sayımı 1990
245 ## - BAŞLIK TABLOSU
Başlık 1990 genel nüfus sayımı
Başlığın Kalan Daimi ikametgaha göre iç göçün sosyal ve ekonomik nitelikleri = 1990 census of population : social and economic characteristics of internal migration by permanent residence
Sorumluluk Tablosu, Vb Devlet İstatistik Enstitüsü
246 ## - UNVAN FORM VARYING
Başlık Doğru / Kısa Başlığı Daimi ikametgaha göre iç göçün sosyal ve ekonomik nitelikleri
246 ## - UNVAN FORM VARYING
Başlık Doğru / Kısa Başlığı 1990 census of population
260 ## - YAYIN, DAĞITIM, VB
Yayın, Dağıtım, Vb Yeri Ankara
Yayıncı, Dağıtıcı, Vs Adı Devlet İstatistik Enstitüsü (DİE)
Yayın, Dağıtım, Vb Tarihi 1997
300 ## - FİZİKSEL TANIM
Kapsam xvi, 199 s.
Diğer Fiziksel Ayrıntıları tbl.
Boyutlar 30 sm.
500 ## - GENEL NOT
Genel Not Kurumun yeni adı: Türkiye İstatistik Kurumu (TÜİK)
546 ## - DİL NOTU
Dil Notu Metinler Türkçe-İngilizce karşılıklıdır.
650 ## - KONU KATMA GİRİŞ - TOPİKAL DÖNEM
Topikal Süreli Veya Coğrafi Ad Giriş Elemanı Sosyo ekonomik göstergeler
Genel Alt Bölümü 1990
Coğrafi Alt Bölümü Türkiye
650 ## - KONU KATMA GİRİŞ - TOPİKAL DÖNEM
Topikal Süreli Veya Coğrafi Ad Giriş Elemanı Nüfus sayımları
Genel Alt Bölümü 1990
Coğrafi Alt Bölümü Türkiye
651 ## - KONU KATMA GİRİŞ - COĞRAFİ ADI
Coğrafi İsim Türkiye
Genel Alt Bölümü Ekonomik durum
Kronolojik Alt Bölümü İstatistikler
651 ## - KONU KATMA GİRİŞ - COĞRAFİ ADI
Coğrafi İsim Türkiye
Genel Alt Bölümü Sosyal durum
Kronolojik Alt Bölümü İstatistikler
651 ## - KONU KATMA GİRİŞ - COĞRAFİ ADI
Coğrafi İsim Türkiye
Genel Alt Bölümü Nüfus sayımı, 1990
942 ## - EKLENDİ GİRİŞ ELEMANLARI (KOHA)
Sınıflandırma Veya Raf Düzeni Kaynak Dewey Decimal Classification
Koha Öğesi Türü Books
999 ## - SİSTEM KONTROL NUMARALARI (KOHA)
Koha Biblionumber 8922
Koha Biblioitemnumber 8922
Holdings
Kalıcı Konum Mevcut Konum Edinme Tarihi Edinim Kaynak Toplam Check-Out'Lar Tam Çağrı Numarası Barkod Tarih Son Görülme İtibaren Geçerli Fiyatlar Koha Öğesi Türü Kopya Sayısı
CHP Kütüphanesi CHP Kütüphanesi 09/05/2016 Bağış   304.6021 1990 TÜRKİYE T95g 1997 003804 09/05/2016 09/05/2016 Books  
CHP Kütüphanesi CHP Kütüphanesi 09/05/2016 Bağış   304.6021 1990 TÜRKİYE T95g 1997 003805 09/05/2016 09/05/2016 Books k.2